000
00345nam a2200133Ia 4500
008
151001s9999||||xx |||||||||||||| ||und||
100
_a
आर एम बेलेटाइन
245
_a
मुगे का व्दिप
250
_a
9
260
_b
शिक्षा भारती
260
_c
1980
300
_a
93
365
_b
18
999
_c
961954
_d
961951